V obchodnom centre sa strhla nákupná panika

Bibliographic Details
Format: Article
Language:Slovak
PhysicalDescription:Fotogr.
ISSN:1335-4566
Subjects:

MARC

LEADER 00000nab a2200000 a 4500
001 vtls010281438
003 SK-MaSNL
005 20260303082026.0
008 171108c20110526xo drz 0 0slo
038 |a KEVKJB 
040 |a KEVKJB  |b slo  |c KEVKJB  |e AACR2 
041 0 |a slo 
044 |a xo  |c SK 
080 |a 793.3  |2 2001 
080 |a 008 (083.94)  |2 2001 
245 0 0 |a V obchodnom centre sa strhla nákupná panika  |c [autor] (jog) 
300 |b Fotogr. 
610 2 7 |a Európske hlavné mesto kultúry 2013  |2 snkbucl  |9 168570 
611 2 7 |a Use the city - Použi mesto  |g festival  |n (3. :  |d 2011 :  |c Košice, Slovensko)  |2 kevkjb  |9 1085481 
651 7 |a street art  |z Košice (Slovensko)  |2 kevkjb  |9 1083493 
651 7 |a Košice (Slovensko)  |2 kevkjb  |9 18694 
773 0 |t Košický Korzár  |g Roč. XIV., č. 121 (26.5.2011), s. 5  |x 1335-4566 
852 |a KEVKJB  |b KIS3GCP 
999 |c 1786597  |d 1788527